MARC

LEADER 00000nam0a2200000 4500
001 351499
005 20231102010417.0
035 |a (RuTPU)RU\TPU\retro\6561 
090 |a 351499 
100 |a 20190607d1946 km y0rusy50 ca 
101 0 |a rus 
102 |a RU 
105 |a a z 000zy 
200 1 |a Устройства защиты от перенапряжений и их эксплуатация  |f Е. С. Гройс 
210 |a Москва  |a Ленинград  |c Госэнергоиздат  |d 1946 
215 |a 120 с.  |c ил. 
316 |5 63413507: КР-6584  |a На титульном листе владельческая подпись: "А. Воробьев. 31.10.46" 
317 |5 63413507: КР-6584  |a ˆПоступила в НТБ в 1987 г. в дар от вдовы ученого Е. К. Завадовской 
517 1 |a Устройства защиты от перенапряжений и их эксплоатация 
606 1 |a Перенапряжения  |x Защита  |2 stltpush  |3 (RuTPU)RU\TPU\subj\48588  |9 67443 
610 1 |a вентильные разрядники 
610 1 |a монтаж 
610 1 |a эксплуатация 
610 1 |a ремонт 
610 1 |a трубчатые разрядники 
610 1 |a библиотека А. А. Воробьева 
610 1 |a дары библиотеке 
610 1 |a владельческая надпись 
675 |a 621.316.933  |v 4 
700 1 |a Гройс  |b Е. С. 
801 1 |a RU  |b 63413507  |c 20190607 
801 2 |a RU  |b 63413507  |c 20200312  |g RCR 
942 |c BK